Erfolgreichste Songs von Queen - Statistiken

Allgemein
  • Dieses Quiz wurde 121 mal gespielt
  • Das Durchschnittsergebnis liegt bei 4 aus 11
Antwortstatistiken
Jahr Pl. Song % Korrekt
Als Leadmusiker 1975 7 Bohemian Rhapsody
89%
Als Gastmusiker 2000 8 We Will Rock You
68%
Als Leadmusiker 1984 2 Radio Ga Ga
63%
Als Leadmusiker 1980 6 Another One Bites the Dust
46%
Als Leadmusiker 1984 4 I Want to Break Free
40%
Als Leadmusiker 1991 7 The Show Must Go On
33%
Als Leadmusiker 1986 6 A Kind of Magic
21%
Als Leadmusiker 1989 9 I Want It All
21%
Als Leadmusiker 1991 5 Innuendo
15%
Als Leadmusiker 1980 3 Flash
13%
Als Leadmusiker 1984 8 Thank God It’s Christmas
4%
Keine übereinstimmenden Quizze gefunden
Verteilung der Resultate
Anzahl Personen mit jedem Resultat
Perzentil nach korrekt beantworteten Fragen
Ihre Resultats-Entwicklung
Sie haben dieses Quiz noch nicht gespielt